|
|
|
|
| LEADER |
01415nkm a2200385 i 4500 |
| 001 |
001473497 |
| 003 |
CZ PrNK |
| 005 |
20150709151705.0 |
| 007 |
ku cc |
| 008 |
150602s2012 xr nnn e kncze |
| 020 |
|
|
|a 978-80-87641-10-1
|q (brožováno) :
|c Kč 39,00
|
| 040 |
|
|
|a BOA001
|b cze
|e rda
|
| 072 |
|
7 |
|a 821-93
|x Literatura pro děti a mládež (beletrie)
|2 Konspekt
|9 26
|
| 080 |
|
|
|a 821-93
|2 MRF
|
| 080 |
|
|
|a (084.053.2)
|2 MRF
|
| 100 |
1 |
|
|a Wierzchowska, Barbara
|7 jo2015874051
|4 ill
|
| 245 |
1 |
0 |
|a Zvířata na venkově :
|b použij vodu, oživ barvy! /
|c ilustrace: Barbara Wierzchowska ; text: Hana Doležalová
|
| 264 |
|
1 |
|a Ostrava :
|b Aksjomat,
|c 2012
|
| 300 |
|
|
|a 8 nečíslovaných stran :
|b barevné ;
|c 29 cm
|
| 336 |
|
|
|a statický obraz
|b sti
|2 rdacontent
|
| 336 |
|
|
|a text
|b txt
|2 rdacontent
|
| 337 |
|
|
|a bez média
|b n
|2 rdamedia
|
| 338 |
|
|
|a svazek
|b nc
|2 rdacarrier
|
| 490 |
1 |
|
|a Vodní omalovánky
|
| 500 |
|
|
|a Název z obálky
|
| 655 |
|
7 |
|a omalovánky
|7 fd182999
|2 czenas
|
| 655 |
|
7 |
|a publikace pro děti
|7 fd133156
|2 czenas
|
| 655 |
|
9 |
|a colouring books
|2 eczenas
|
| 655 |
|
9 |
|a children's literature
|2 eczenas
|
| 700 |
1 |
|
|a Doležalová, Hana,
|d 1966-
|7 xx0016128
|4 aut
|
| 830 |
|
0 |
|a Vodní omalovánky
|0 s
|
| 910 |
|
|
|a BOA001
|b 4-1348.483
|
| 990 |
|
|
|a GP
|
| 991 |
|
|
|b 201506
|c NOV
|e db
|
| 996 |
6 |
|
|b 2610635014
|c 4-1348.483
|l MZK
|r Sklad / do 1 hodiny
|n 0
|p p.v.
|w 001508843
|u 000010
|a 1
|e BOA001
|j MZK50
|s P
|